000 00503nam a22001697a 4500
005 20230915151314.0
010 _aENG-138010
020 _c850.00
035 _aEN-121542
037 _bDBAD/PUB
082 _a510.934
245 _aNew Thoughts on Ancient & Modern Mathematics:
_cRunu Dhar and Debadatta Adak
260 _aAssam
_bEBH Publishers
_c2021
270 _a136, M.L. Nehru Road, Panbazar
_bGuwahati
_e781001
300 _a154P
_c24cm(pbk)
942 _2ddc
_cEN
_h510.934
_mNEW
999 _c198201
_d198201